000 00325nam a2200109 4500
999 _c12299
_d12299
008 190122b ||||| |||| 00| 0 eng d
245 _a60 percent of animals massacred by humanity, study says.
260 _aPhilippines
_bPhilippine Daily Inquirer
_cc2018
300 _apage A6.
650 0 _934746
_aAnimals.
942 _2ddc
_cPER